00757nam a2200241 i 4500001000300000003000400003005001700007008003900024020001500063040000800078080001300086080001200099100003600111245006600147260002800213300003600241504002600277650003600303650002400339655003000363658002400393856009800417bgBPK20200817144939.0970909s1996 pl f f |000 0 pol a8390253704 cBPK a539.3/.4 a(075.8)1 aPaluch, Mariand(1942- )eAutor10aPodstawy mechaniki ośrodków ciągłych /cMarian Paluch. aKraków :bCIT,c1996. a204 s. :brys., wykr. ;c24 cm. aBibliogr. s. 203-204. 7aNaprężenia i odkształcenia 7aSprężystość 7aPodręczniki akademickie aFizyka i astronomia uhttp://koha.tu.koszalin.pl/cgi-bin/koha/opac-detail.pl?biblionumber=37582yKatalog online BPK